Drużyna TOTY w FIFE 22 - Statystyki

Ogólne statystyki
  • Ten quiz został rozwiązany 258 razy
  • Średni wynik to 8 z 11
Statystyki odpowiedzi
Pozycja Zawodnik % Poprawnych
Napastnik Messi
94%
Napastnik Lewandowski
89%
Napastnik Mbappe
89%
Środkowy Pomocnik Kevin De Bruyne
80%
Bramkarz Donnaruma
73%
Prawy Obrońca Hakimi
72%
Środkowy Pomocnik Kante
68%
Lewy Obrońca Cancelo
65%
Środkowy Obrońca Dias
65%
Środkowy Pomocnik Jorginho
51%
Środkowy Obrońca Marquinhos
48%
Nie znaleziono quizów pasujących do podanych kryteriów
Rozkład punktacji
Procent ludzi z każdym wynikiem
Percentyl według liczby udzielonych odpowiedzi
Twoja historia wyników
Nie rozwiązałeś tego quizu